Osobitosť Nórska v kontexte prírodných zdrojov, daní a daňových úľav diplomová práca

Saved in:
Bibliographic Details
Main Author: Kluková, Ivana
Corporate Author: Národohospodárska fakulta EU. Katedra financií
Other Authors: Geško, Martin
Format: Book
Language:Slovak
Published: Bratislava 2017
Tags: Add Tag
No Tags, Be the first to tag this record!

MARC

LEADER 00000nbm a2200000 4500
001 0231962
005 20171127145552.7
041 0 |a slo 
044 |a SK 
245 1 0 |a Osobitosť Nórska v kontexte prírodných zdrojov, daní a daňových úľav  |b diplomová práca  |c Ivana Kluková ; školiteľ: Martin Geško 
264 1 |a Bratislava  |c 2017 
300 |a 69 s. 
100 1 |a Kluková, Ivana 
700 1 |a Geško, Martin 
710 2 |a Národohospodárska fakulta EU. Katedra financií